000 02094nam a2200253Ia 4500
003 Ost
005 20260507075448.0
008 260507s9999||||xx |||||||||||||| ||und||
020 _a6915433977
040 _cfsecg
041 _aara
082 _a658.022
100 _aالنجار، فريد
_eمؤلف
245 0 _aالصناعات و المشروعات الصغيرة ومتوسطة الحجم :
_bمدخت رواد الاعمال /
_c فريد النجار
260 _aالاسكندرية:
_bالدار الجامعية للنشر,
_c2007
300 _a325 صفحة؛
_bإيضاحات ؛
_c24 سم
504 _aبيبليوغرافيا ص.322
520 _aيتناول هذا الكتاب استعراض قضية الصناعات والمشروعات الصغيرة والمتوسطة باستخدام محور رواد الأعمال Entrepreneurs الذي يطلق عليه أحياناً المنظمون وبناة المشروعات الجديدة، ويضم هذا الكتاب ثلاثة أقسام رئيسية كل منها يشمل بالتبعية عدداً من الفصول والملاحق، ويخص القسم الأول قضايا علاقة رواد الأعمال بالتنمية وهيا كل المشروعات الصغيرة والمتوسطة ومستقبل رواد الأعمال في الاقتصاد العربي في الألفية الثالثة، أما القسم الثاني من الكتاب فيتحدث عن وظائف ونشاطات المشروع الصغير الصناعي أو التجاري أو الخدمي مثال ذلك قضايا التشغيل والتمويل والتسويق وتفعيل منظومة المورد البشري، أما القسم الثالث فيخصص لوظاف رائد الأعمال أو مدير أعمال المشروع الضغير، وبعدها طرح لبعض الحالات العملية
653 _aالتسويق
653 _aالمحاسبة المالية
653 _aالمشروعات- تنظيم وادارة
653 _aهياكل المشروعات
942 _cكتاب
999 _c44604
_d44604